Obálka Náhled e-knihy:
Epub
Pro půjčování e-knih musíte být přihlášeni.
Jak si půjčit online?

Now You See Me /

The Gifted class suspects a spy in their ranks, with "queen-of-mean" Amanda as the chief suspect due to her sudden, out-of-character behaviour. Tracey and Jenna join forces—and gifts—to try to find out more. But when Jenna is framed and institutionalised for a crime she didn't commit,...

Celý popis

Uloženo v:
Série:Gifted, část 5
Hlavní autor: Kaye, Marilyn (Autor)
Médium: E-kniha
Jazyk:Czech
Vydáno: Praha : Saga Egmont, 2026
Příbuzné jednotky:Z cyklu:: Gifted
Tagy:
Žádné tagy
LEADER 02019nam a22002417i 4500
001 313636
007 ta
008 260605s2026 xr ||||| |||| 00| 0 cze d
020 |a 9990004261679 
044 |a xr 
100 1 |a  Kaye, Marilyn  |4 aut 
245 1 0 |a Now You See Me /  |c  Kaye, Marilyn 
264 1 |a Praha :  |b Saga Egmont,  |c 2026 
300 |a 1 online zdroj (240 stran) 
336 |a text  |b txt  |2 rdacontent 
337 |a bez média  |b n  |2 rdamedia 
338 |a online zdroj  |b cr  |2 rdacarrier 
520 2 |a The Gifted class suspects a spy in their ranks, with "queen-of-mean" Amanda as the chief suspect due to her sudden, out-of-character behaviour. Tracey and Jenna join forces—and gifts—to try to find out more. But when Jenna is framed and institutionalised for a crime she didn't commit, Tracey is left alone. Using her invisibility, Tracey uncovers far more than she bargained for, revealing a conspiracy that threatens to expose their secret world and destroy their gifted friends. Perfect for young readers who enjoy a mix of school drama and paranormal adventure, this light-hearted action-adventure series was adapted into a hit CBBC television drama in 2025. Gifted Meadowbrook Middle School is an ordinary school with ordinary students-except for the Nine. These students look like the others, but they're not. You could call it a skill, a talent or a disadvantage, but each of these students is unique—they're gifted. Marilyn Kaye is an acclaimed author of young adult and middle-grade fiction, best known for her “Replica,” “Gifted,” and “Out of This World” series. 
787 0 8 |g 5  |i Z cyklu:  |t Gifted 
910 |a RBIT002 
998 |d 426167  |a https://core.palmknihy.cz/api/books/426167/cover?td9z0g  |b https://core.palmknihy.cz/api/books/426167/cover/400?td9z0g  |c https://core.palmknihy.cz/api/books/426167/cover/50?td9z0g  |e   |g 240  |i 9990004261679  |j https://core.palmknihy.cz/api/books/426167/preview.epub  |l   |q 49  |r 1  |s https://www.palmknihy.cz/kniha/426167  |t ebook  |y 2026  |z 1  |v Gifted  |w 5 
999 |d 313634